000 00949nam a2200301 i 4500
001 000014816
003 DO-SdBNP
005 20250218142312.0
007 ta
008 100122s2007 dr a 000 0 spa d
020 _a9789945001495
040 _aDO-SdBNP
_bspa
_cBNPHU
_erda
082 4 _aRD863.44
_bS211co
_222
100 1 _aSánchez, Federico,
_d1953-
_eautor
_4aut.
_926445
245 1 3 _aLa conjura de los gallos locos :
_bcuentos /
_cFederico Sánchez.
250 _asegunda edición
264 4 _aSanto Domingo :
_bEditora CrediLibsa,
_c2007.
300 _a158 páginas ;
_c21 cm.
336 _atexto
_btxt
_2rdacontent
337 _asin mediación
_bn
_2rdamedia
338 _avolumen
_bnc
_2rdacarrier
500 _aIncluye datos biográficos del autor en la contracubierta
590 _aInventariado,2025/BT
650 4 _aCuentos dominicanos
_9176
650 4 _aLiteratura dominicana.
_967
910 _aBtavárez
942 _2ddc
_cLBS1
999 _c58132
_d58132